01986nas 2200313 450000100030000009000070000310000410001010100080005120001790005921001970023821500110043523000270044630000710047330402780054432600120082243601740083460600200100860600190102860700240104770000300107170100320110170100220113370100350115571000280119080100350121895501160125399501550136999501480152487 a87 a20190715b u||y0frey50 ba afre aLe rebrousse-PoilbPériodiqueeMensuel d'action non-violente, d'écologie et de contre-informationfJean-Claude HennetfPhilippe BeckfMichel RimefJean-Philippe Jeannerat aLausannebavenue de Béthusy 56, 1012 LausannebCase postale 308 1211 Genève 4cLe Rebrousse-PoilgCEDIPSgCoopérative d'Impressions NouvellesgAtelier Offset PerringGenodruckd1978-1985 d30 cm. a8 fichiers PDF (texte) aFusion de: Le résistant à la guerre, et de: Combat non-violent aCollaborateurs pour le n°3: Georges Bacon, Antoine Duplan, Marie Empain, Michel Froidevaux, Philippe Gottraux, Vincent Guyot, Jean-Claude Hennet, André Humberset, Florence Lardet, Denis Membrez, Alain Lenoir, Marc Morier, Christian Schilter, Pascal Shmidt, Pascal Tharin aMensuel 03659365cLausanned1972-1977nCentre Martin Luther KingoMensuel romand de liaison, d'information et d'action des mouvements et groupes non-violentstCombat non-violent 9557aÉcologie 9692aPacifisme 9397aSuisse romande 96083aHennetbJean-Claude 94059aBeckbPhilippef1952- 9211aRimebMichel 91279aJeanneratbJean-Philippe 96084aLe Rebrousse-Poil aFRb595126101cYYYYMMDDgAFNOR r1979: 13-15, 17, 20-22;r1981: 40, 42/43-47-48;r1982: 49-58/59;r1983: 60-70/71;r1984: 72-82/83;r1985: 84-91 10203052019-07-159114bARCHICcARCHICePériodiquesf1112hFontaine-Ferrari; Pierre Biner; June Howells Spalding ; CMJ/ASNS, LM, AH, CIDkP123Ao1 10203052023-09-2194551bARCHICcARCHICeDocuments électroniquesf5501kELP 1112l8 fichiers PDF (texte)o0zNB : plusieurs no endommagés